Food and beverage cost control / (Record no. 41258)
[ view plain ]
| 000 -LEADER | |
|---|---|
| fixed length control field | 00932cam a2200301 a 4500 |
| 001 - CONTROL NUMBER | |
| control field | 15809237 |
| 005 - DATE AND TIME OF LATEST TRANSACTION | |
| control field | 20180130045811.0 |
| 008 - FIXED-LENGTH DATA ELEMENTS--GENERAL INFORMATION | |
| fixed length control field | 090709s2011 njua b 001 0 eng |
| 010 ## - LIBRARY OF CONGRESS CONTROL NUMBER | |
| LC control number | 2009026533 |
| 015 ## - NATIONAL BIBLIOGRAPHY NUMBER | |
| National bibliography number | GBA994490 |
| Source | bnb |
| 016 7# - NATIONAL BIBLIOGRAPHIC AGENCY CONTROL NUMBER | |
| Record control number | 015380580 |
| Source | Uk |
| 020 ## - INTERNATIONAL STANDARD BOOK NUMBER | |
| International Standard Book Number | 9780470251386 |
| 020 ## - INTERNATIONAL STANDARD BOOK NUMBER | |
| International Standard Book Number | 0470251387 |
| 020 ## - INTERNATIONAL STANDARD BOOK NUMBER | |
| International Standard Book Number | 0470251395 (pbk.) |
| 020 ## - INTERNATIONAL STANDARD BOOK NUMBER | |
| International Standard Book Number | 9780470251393 (pbk.) |
| 035 ## - SYSTEM CONTROL NUMBER | |
| System control number | (OCoLC)ocn419864960 |
| 040 ## - CATALOGING SOURCE | |
| Original cataloging agency | DLC |
| Transcribing agency | DLC |
| Modifying agency | DLC |
| 041 ## - LANGUAGE CODE | |
| Language code of text/sound track or separate title | eng |
| 080 ## - UNIVERSAL DECIMAL CLASSIFICATION NUMBER | |
| Universal Decimal Classification number | 647.950681 |
| 082 00 - DEWEY DECIMAL CLASSIFICATION NUMBER | |
| Classification number | 647.950681 DOP |
| Edition number | 22 |
| 100 1# - Rafti | |
| Rafti | 10 |
| 101 ## - Shkurtesa | |
| Shkurtesa | NUT |
| 245 10 - TITLE STATEMENT | |
| Title | Food and beverage cost control / |
| Statement of responsibility, etc | Lea R. Dopson, David K. Hayes. |
| 504 ## - BIBLIOGRAPHY, ETC. NOTE | |
| Bibliography, etc | Includes bibliographical references (p. 527-530) and index. |
| 906 ## - LOCAL DATA ELEMENT F, LDF (RLIN) | |
| a | 7 |
| b | cbc |
| c | orignew |
| d | 1 |
| e | ecip |
| f | 20 |
| g | y-gencatlg |
| 942 ## - ADDED ENTRY ELEMENTS (KOHA) | |
| Source of classification or shelving scheme | |
| Item type | Books |
| Withdrawn status | Lost status | Source of classification or shelving scheme | Damaged status | Not for loan | Collection code | Permanent location | Current location | Shelving location | Date acquired | Total Checkouts | Full call number | Barcode | Date last seen | Price effective from | Koha item type |
|---|---|---|---|---|---|---|---|---|---|---|---|---|---|---|---|
| Koleksioni i përgjithshem | UBT - Lipjan | UBT - Lipjan | Koleksioni i përgjithshem | 01/30/2018 | 647.950681 DOP | 002-2996764 | 01/30/2018 | 01/30/2018 | Books | ||||||
| Koleksioni i përgjithshem | UBT - Lipjan | UBT - Lipjan | Koleksioni i përgjithshem | 01/30/2018 | 647.950681 DOP | 002-2996769 | 01/30/2018 | 01/30/2018 | Books | ||||||
| Koleksioni i përgjithshem | UBT - Lipjan | UBT - Lipjan | Koleksioni i përgjithshem | 01/30/2018 | 647.950681 DOP | 002-2996774 | 01/30/2018 | 01/30/2018 | Books | ||||||
| Koleksioni i përgjithshem | UBT - Lipjan | UBT - Lipjan | Koleksioni i përgjithshem | 01/30/2018 | 647.950681 DOP | 002-2996779 | 01/30/2018 | 01/30/2018 | Books | ||||||
| Koleksioni i përgjithshem | UBT - Lipjan | UBT - Lipjan | Koleksioni i përgjithshem | 01/30/2018 | 647.950681 DOP | 002-2996768 | 01/30/2018 | 01/30/2018 | Books | ||||||
| Koleksioni i përgjithshem | UBT - Lipjan | UBT - Lipjan | Koleksioni i përgjithshem | 01/30/2018 | 647.950681 DOP | 002-2996773 | 01/30/2018 | 01/30/2018 | Books | ||||||
| Koleksioni i përgjithshem | UBT - Lipjan | UBT - Lipjan | Koleksioni i përgjithshem | 01/30/2018 | 647.950681 DOP | 002-2996778 | 01/30/2018 | 01/30/2018 | Books | ||||||
| Koleksioni i përgjithshem | UBT - Lipjan | UBT - Lipjan | Koleksioni i përgjithshem | 01/30/2018 | 647.950681 DOP | 002-2996767 | 01/30/2018 | 01/30/2018 | Books | ||||||
| Koleksioni i përgjithshem | UBT - Lipjan | UBT - Lipjan | Koleksioni i përgjithshem | 01/30/2018 | 647.950681 DOP | 002-2996772 | 01/30/2018 | 01/30/2018 | Books | ||||||
| Koleksioni i përgjithshem | UBT - Lipjan | UBT - Lipjan | Koleksioni i përgjithshem | 01/30/2018 | 647.950681 DOP | 002-2996777 | 01/30/2018 | 01/30/2018 | Books | ||||||
| Koleksioni i përgjithshem | UBT - Lipjan | UBT - Lipjan | Koleksioni i përgjithshem | 01/30/2018 | 647.950681 DOP | 002-2996766 | 01/30/2018 | 01/30/2018 | Books | ||||||
| Koleksioni i përgjithshem | UBT - Lipjan | UBT - Lipjan | Koleksioni i përgjithshem | 01/30/2018 | 647.950681 DOP | 002-2996771 | 01/30/2018 | 01/30/2018 | Books | ||||||
| Koleksioni i përgjithshem | UBT - Lipjan | UBT - Lipjan | Koleksioni i përgjithshem | 01/30/2018 | 647.950681 DOP | 002-2996776 | 01/30/2018 | 01/30/2018 | Books | ||||||
| Koleksioni i përgjithshem | UBT - Lipjan | UBT - Lipjan | Koleksioni i përgjithshem | 01/30/2018 | 647.950681 DOP | 002-2996765 | 01/30/2018 | 01/30/2018 | Books | ||||||
| Koleksioni i përgjithshem | UBT - Lipjan | UBT - Lipjan | Koleksioni i përgjithshem | 01/30/2018 | 647.950681 DOP | 002-2996770 | 01/30/2018 | 01/30/2018 | Books | ||||||
| Koleksioni i përgjithshem | UBT - Lipjan | UBT - Lipjan | Koleksioni i përgjithshem | 01/30/2018 | 647.950681 DOP | 002-2996775 | 01/30/2018 | 01/30/2018 | Books |